UM Logo

UM Digos Class Management System / (Record no. 11515)

MARC details
000 -LEADER
fixed length control field 00649nam a22001697a 4500
008 - FIXED-LENGTH DATA ELEMENTS--GENERAL INFORMATION
fixed length control field 181206b ||||| |||| 00| 0 eng d
082 ## - DEWEY DECIMAL CLASSIFICATION NUMBER
Edition number 2016
Classification number UT 1067
Item number Om19
100 ## - MAIN ENTRY--PERSONAL NAME
Personal name Ombiga, Victor Glee M.
9 (RLIN) 33023
245 ## - TITLE STATEMENT
Title UM Digos Class Management System /
Statement of responsibility, etc. Victor Glee M. Ombiga, Ilyn Chris N. Ruto, and Quimberly Anne M. Nabua
260 ## - PUBLICATION, DISTRIBUTION, ETC. (IMPRINT)
Place of publication, distribution, etc. Digos City:
Name of publisher, distributor, etc. UMDC
Date of publication, distribution, etc. November 2016.
300 ## - PHYSICAL DESCRIPTION
Extent 93 pages ;
Dimensions 29 cm.
650 ## - SUBJECT ADDED ENTRY--TOPICAL TERM
Topical term or geographic name as entry element Technical Program
Form subdivision Information Technology
General subdivision Undergraduate thesis.
9 (RLIN) 33024
700 ## - ADDED ENTRY--PERSONAL NAME
Personal name Ombiga, Victor Glee M.
9 (RLIN) 33023
700 ## - ADDED ENTRY--PERSONAL NAME
Personal name Ruto, Ilyn Chris N.
9 (RLIN) 32974
700 ## - ADDED ENTRY--PERSONAL NAME
Personal name Nabua, Quimberly Anne M.
9 (RLIN) 32975
942 ## - ADDED ENTRY ELEMENTS (KOHA)
Source of classification or shelving scheme Dewey Decimal Classification
Koha item type Undergraduate Thesis
Holdings
Withdrawn status Lost status Source of classification or shelving scheme Damaged status Not for loan Home library Current library Date acquired Total Checkouts Full call number Barcode Date last seen Price effective from Koha item type
    Dewey Decimal Classification     UM Digos College - LIC UM Digos College - LIC 11/28/2018   UT 1067 Om19 2016 1067 05/15/2025 12/06/2018 Undergraduate Thesis